Manual teórico práctico de redacción general : (Record no. 37153)
[ view plain ]
| 000 -CABECERA | |
|---|---|
| campo de control de longitud fija | 00614nam a2200133 a 4500 |
| 001 - NÚMERO DE CONTROL | |
| campo de control | 000037663 |
| 005 - FECHA Y HORA DE LA ÚLTIMA TRANSACCIÓN | |
| campo de control | 20201002031111.0 |
| 008 - DATOS DE LONGITUD FIJA--INFORMACIÓN GENERAL | |
| campo de control de longitud fija | 121024s2007 pe 000 0 spa d |
| 040 ## - FUENTE DE LA CATALOGACIÓN | |
| Centro catalogador/agencia de origen | DO-SdBNP |
| Lengua de catalogación | spa |
| Centro/agencia transcriptor | BNPHU |
| 100 1# - ENTRADA PRINCIPAL--NOMBRE DE PERSONA | |
| Nombre de persona | Véliz Muñoz, Francisco Enrique |
| 9 (RLIN) | 64133 |
| 245 10 - MENCIÓN DE TÍTULO | |
| Título | Manual teórico práctico de redacción general : |
| Resto del título | procedimientos modernos para redactar con propiedad correspondencias de índole: administrativa, comercial y empresarial, particular, familiar, legal y judicial / |
| Mención de responsabilidad, etc. | Francisco Enrique Véliz Muñoz, Orlando Almeyda Sáenz. |
| 260 ## - PUBLICACIÓN, DISTRIBUCIÓN, ETC. | |
| Lugar de publicación, distribución, etc. | Lima : |
| Nombre del editor, distribuidor, etc. | Mirbet, |
| Fecha de publicación, distribución, etc. | 2007. |
| 300 ## - DESCRIPCIÓN FÍSICA | |
| Extensión | 143 p. : ; |
| Dimensiones | 21 cm. |
| Estado de retiro | Estado de pérdida | Restricciones de uso | No para préstamo | Código de colección | Localización permanente | Ubicación/localización actual | Ubicación en estantería | Fecha de adquisición | Número de inventario | Total de préstamos | Signatura topográfica completa | Código de barras | Fecha visto por última vez | Precio válido a partir de | Tipo de ítem Koha | Número de copia |
|---|---|---|---|---|---|---|---|---|---|---|---|---|---|---|---|---|
| Excluido de préstamo | Monografías: Libros y Folletos | General | General | Depósito | 24.10.2012 | LF1 | 37663-10 | 25.06.2020 | 25.06.2020 | No se presta | ||||||
| Monografías: Libros y Folletos | General | General | En catalogación | 24.10.2012 | LF1 | 37663-20 | 25.06.2020 | 25.06.2020 | Préstamo en sala | e. 3 | ||||||
| Monografías: Libros y Folletos | General | General | Orden iniciada | 24.10.2012 | LF1 | 37663-30 | 25.06.2020 | 25.06.2020 | No se presta |
